<?xml version="1.0" encoding="UTF-8"?>
<collection xmlns="http://www.loc.gov/MARC21/slim">
<record>
  <controlfield tag="001">112174</controlfield>
  <controlfield tag="005">20220503133918.0</controlfield>
  <datafield tag="024" ind1="7" ind2=" ">
    <subfield code="2">doi</subfield>
    <subfield code="a">10.7203/sjp.33.1.13243</subfield>
  </datafield>
  <datafield tag="024" ind1="8" ind2=" ">
    <subfield code="2">sideral</subfield>
    <subfield code="a">128298</subfield>
  </datafield>
  <datafield tag="037" ind1=" " ind2=" ">
    <subfield code="a">ART-2018-128298</subfield>
  </datafield>
  <datafield tag="041" ind1=" " ind2=" ">
    <subfield code="a">eng</subfield>
  </datafield>
  <datafield tag="100" ind1=" " ind2=" ">
    <subfield code="a">Gozalo, R.</subfield>
  </datafield>
  <datafield tag="245" ind1=" " ind2=" ">
    <subfield code="a">Presence of Naraoia Walcott, 1912 (Nektaspida, Arthropoda) in the middle Cambrian of Europe (Murero, NE Spain)</subfield>
  </datafield>
  <datafield tag="260" ind1=" " ind2=" ">
    <subfield code="c">2018</subfield>
  </datafield>
  <datafield tag="520" ind1="3" ind2=" ">
    <subfield code="a">The genus Naraoia Walcott, 1912, a Burgess Shale-type fossil known from the lower and middle Cambrian of British Columbia (Canada), Idaho and Utah (USA), as well as from Yunnan and Guizhou provinces (China), is now reported from the middle Cambrian of Murero (Zaragoza, Spain), which is the first record in the Acadobaltic province. The only fragmented specimen found is determined as Naraoia sp., its age being Pardailhania multispinosa Zone (Drumian Stage). This new datum reinforces the hypothesis of the existence of a cosmopolitan faunal substrate in early Cambrian times, which is to some extent refl ected in the mid Cambrian by faunal groups of low evolutionary potential as the family Naraoiidae and other soft-bodied fossil taxa. El género Naraoia Walcott, 1912, es un fósil de tipo Burgess Shale,  conocido  en  el  Cámbrico  inferior  y  medio  de  la Columbia  Británica  (Canadá),  Idaho  y  Utah  (EE.UU.),  así como  en  las  provincias  chinas  de  Yunnan  y  Guizhou.  Este hallazgo  en  Murero  (Zaragoza,  España)  supone  el  primer registro del géneroen la provincia Acadobáltica. Sólo se ha encontrado un espécimen fragmentado que se ha determinado como Naraoia sp., en la Zona de Pardailhania multispinosa(Piso  Drumiense).  Este  nuevo  dato  refuerza  la  hipótesis  de la  existencia  de  faunas  cosmopolitas  durante  el  Cámbrico temprano,  que  se  extenderían  hasta  el  Cámbrico  medio  en algunos grupos faunísticos con baja tasa evolutiva, como es el  caso  de  la  familia  Naraoiidae  y  otros  taxones  fósiles  de organismos de cuerpo blando.</subfield>
  </datafield>
  <datafield tag="506" ind1="0" ind2=" ">
    <subfield code="a">Access copy available to the general public</subfield>
    <subfield code="f">Unrestricted</subfield>
  </datafield>
  <datafield tag="540" ind1=" " ind2=" ">
    <subfield code="9">info:eu-repo/semantics/openAccess</subfield>
    <subfield code="a">by-nc</subfield>
    <subfield code="u">http://creativecommons.org/licenses/by-nc/3.0/es/</subfield>
  </datafield>
  <datafield tag="592" ind1=" " ind2=" ">
    <subfield code="a">0.281</subfield>
    <subfield code="b">2018</subfield>
  </datafield>
  <datafield tag="593" ind1=" " ind2=" ">
    <subfield code="a">Paleontology</subfield>
    <subfield code="c">2018</subfield>
    <subfield code="d">Q3</subfield>
  </datafield>
  <datafield tag="655" ind1=" " ind2="4">
    <subfield code="a">info:eu-repo/semantics/article</subfield>
    <subfield code="v">info:eu-repo/semantics/publishedVersion</subfield>
  </datafield>
  <datafield tag="700" ind1=" " ind2=" ">
    <subfield code="a">DiesÁlvarez, M. E.</subfield>
    <subfield code="u">Universidad de Zaragoza</subfield>
    <subfield code="0">(orcid)0000-0002-6594-3021</subfield>
  </datafield>
  <datafield tag="700" ind1=" " ind2=" ">
    <subfield code="a">Gámez VIintaned, J. A.</subfield>
  </datafield>
  <datafield tag="700" ind1=" " ind2=" ">
    <subfield code="a">Chirivella, J. B.</subfield>
  </datafield>
  <datafield tag="700" ind1=" " ind2=" ">
    <subfield code="a">Liñán, E.</subfield>
    <subfield code="u">Universidad de Zaragoza</subfield>
    <subfield code="0">(orcid)0000-0003-1916-1077</subfield>
  </datafield>
  <datafield tag="710" ind1="2" ind2=" ">
    <subfield code="1">2000</subfield>
    <subfield code="2">655</subfield>
    <subfield code="a">Universidad de Zaragoza</subfield>
    <subfield code="b">Dpto. Ciencias de la Tierra</subfield>
    <subfield code="c">Área Paleontología</subfield>
  </datafield>
  <datafield tag="710" ind1="2" ind2=" ">
    <subfield code="1">2001</subfield>
    <subfield code="2">205</subfield>
    <subfield code="a">Universidad de Zaragoza</subfield>
    <subfield code="b">Dpto. Didáctica Cienc. Experi.</subfield>
    <subfield code="c">Área Didáctica Ciencias Exper.</subfield>
  </datafield>
  <datafield tag="773" ind1=" " ind2=" ">
    <subfield code="g">33, 1 (2018), 83-88</subfield>
    <subfield code="p">Span. j. paleontol.</subfield>
    <subfield code="t">Spanish Journal of Palaeontology</subfield>
    <subfield code="x">2255-0550</subfield>
  </datafield>
  <datafield tag="856" ind1="4" ind2=" ">
    <subfield code="s">383021</subfield>
    <subfield code="u">http://zaguan.unizar.es/record/112174/files/texto_completo.pdf</subfield>
    <subfield code="y">Versión publicada</subfield>
  </datafield>
  <datafield tag="856" ind1="4" ind2=" ">
    <subfield code="s">2342507</subfield>
    <subfield code="u">http://zaguan.unizar.es/record/112174/files/texto_completo.jpg?subformat=icon</subfield>
    <subfield code="x">icon</subfield>
    <subfield code="y">Versión publicada</subfield>
  </datafield>
  <datafield tag="909" ind1="C" ind2="O">
    <subfield code="o">oai:zaguan.unizar.es:112174</subfield>
    <subfield code="p">articulos</subfield>
    <subfield code="p">driver</subfield>
  </datafield>
  <datafield tag="951" ind1=" " ind2=" ">
    <subfield code="a">2022-05-03-12:28:39</subfield>
  </datafield>
  <datafield tag="980" ind1=" " ind2=" ">
    <subfield code="a">ARTICLE</subfield>
  </datafield>
</record>
</collection>